| 000 | 00715nam a2200205Ia 4500 | ||
|---|---|---|---|
| 003 | LDD | ||
| 008 | 190117s9999 xx 000 0 und d | ||
| 020 |
_a8187524707 _c₹150 |
||
| 040 | _cLDD | ||
| 041 | _ahi | ||
| 082 | _a8H3.7 ला4202 | ||
| 100 | _aकार्तिकेय, ललित | ||
| 245 | 0 |
_aलातिन अमेरिकी कहानियाँ _cललित कार्तिकेय |
|
| 260 |
_aमुंबई _bसंवाद प्रकाशन _c2004 |
||
| 300 | _a139पृ. | ||
| 440 | _aविश्व ग्रंथमाला | ||
| 901 | _aVANI | ||
| 904 | _aReqst by : J.M. Parekh | ||
| 942 |
_2ddc _cH |
||
| 999 |
_c155798 _d155798 |
||